[Event "SVR-op 34th"]
[Site "Reil"]
[Date "2011.04.22"]
[Round "6"]
[White "Yankelevich, Michael"]
[Black "Hofmann, Sergej"]
[Result "0-1"]
[WhiteElo "1032"]
[BlackElo "1398"]
[PlyCount "74"]
[EventDate "2011.04.16"]
[EventType "swiss"]
[EventRounds "7"]
[EventCountry "GER"]
[SourceTitle "EXT 2013"]
[Source "ChessBase"]
[SourceDate "2012.11.22"]
[SourceVersion "1"]
[SourceVersionDate "2012.11.22"]
[SourceQuality "1"]

1. e4 e5 2. Bc4 Nc6 3. Nf3 h6 4. d4 exd4 5. Nxd4 Nxd4 6. Qxd4 c5 7. Qe3 d6 8. 0-0 Nf6 9. Re1 Be7 10. Nc3 0-0 11. Be2 Be6 12. Qg3 g5 13. Bd3 Nh7 14. Bd2 Bf6 15. Re3 Bd4 16. Ree1 Qf6 17. Rf1 Be5 18. Qe3 Bf4 19. Qe2 c4 20. Bxf4 cxd3 21. cxd3 Qxf4 22. Rad1 Rfe8 23. Qh5 Bg4 24. Qxh6 Bxd1 25. Rxd1 Re6 26. Qh3 g4 27. Qg3 Qxg3 28. fxg3 Rc8 29. Nd5 Rc2 30. Nf4 Rf6 31. Nd5 Rff2 32. Ne3 Rxb2 33. Nc4 Rxg2+ 34. Kh1 Rxh2+ 35. Kg1 Rxa2 36. Ne3 Ng5 37. Nf5 Nh3+ 0-1